<?xml version="1.0" encoding="UTF-8"?>
<collection xmlns="http://www.loc.gov/MARC21/slim">
 <record>
  <leader>02023nam a22002777a 4500</leader>
  <controlfield tag="001">NCT_43682</controlfield>
  <controlfield tag="008">180622b        xxu||||| |||| 00| 0 vie d</controlfield>
  <datafield tag="999" ind1=" " ind2=" ">
   <subfield code="c">2094</subfield>
   <subfield code="d">2094</subfield>
  </datafield>
  <datafield tag="020" ind1=" " ind2=" ">
   <subfield code="c">140000</subfield>
  </datafield>
  <datafield tag="082" ind1="0" ind2="4">
   <subfield code="2">23rd ed.</subfield>
   <subfield code="a">338.8</subfield>
   <subfield code="b">B776</subfield>
  </datafield>
  <datafield tag="100" ind1="1" ind2=" ">
   <subfield code="a">Bygrave, William D.</subfield>
  </datafield>
  <datafield tag="245" ind1="1" ind2="0">
   <subfield code="a">MBA trong tầm tay :</subfield>
   <subfield code="b">Chủ đề nghiên cứu tình huống trong đầu tư tự doanh = The portable MBA in entrepreneurship case studies</subfield>
   <subfield code="c">William D.Bygrave, Dan D'Heilly ; Lại Hồng Vân (dịch)</subfield>
  </datafield>
  <datafield tag="260" ind1=" " ind2=" ">
   <subfield code="a">TP Hồ Chí Minh</subfield>
   <subfield code="b">Tổng hợp Thành phố Hồ Chí Minh</subfield>
   <subfield code="c">2009</subfield>
  </datafield>
  <datafield tag="300" ind1=" " ind2=" ">
   <subfield code="a">499 tr.</subfield>
   <subfield code="c">27 cm</subfield>
   <subfield code="b">mô hình</subfield>
  </datafield>
  <datafield tag="520" ind1="3" ind2=" ">
   <subfield code="a">Cuốn sách này là tuyển tập những câu chuyện về quá trình khởi nghiệp và phát triển trong những lĩnh vực mới, về các nhà đầu tư tự doanh, ghi lại những ví dụ thực tế nhà bổ trợ cho cuốn &quot;MBA trong tầm tay - Đầu tư tự doanh&quot;</subfield>
  </datafield>
  <datafield tag="653" ind1=" " ind2=" ">
   <subfield code="a">Quản trị kinh doanh</subfield>
  </datafield>
  <datafield tag="700" ind1="1" ind2=" ">
   <subfield code="a">Heilly, Dan D'</subfield>
   <subfield code="e">dịch</subfield>
  </datafield>
  <datafield tag="700" ind1="1" ind2=" ">
   <subfield code="a">Lại Hồng Vân</subfield>
   <subfield code="e">dịch</subfield>
  </datafield>
  <datafield tag="700" ind1="1" ind2=" ">
   <subfield code="a">Trịnh Đức Vinh</subfield>
   <subfield code="e">hiệu đính</subfield>
  </datafield>
  <datafield tag="942" ind1=" " ind2=" ">
   <subfield code="2">ddc</subfield>
   <subfield code="c">BK</subfield>
  </datafield>
  <datafield tag="952" ind1=" " ind2=" ">
   <subfield code="0">0</subfield>
   <subfield code="1">0</subfield>
   <subfield code="2">ddc</subfield>
   <subfield code="4">0</subfield>
   <subfield code="6">338_800000000000000_B776</subfield>
   <subfield code="7">0</subfield>
   <subfield code="9">11685</subfield>
   <subfield code="a">000001</subfield>
   <subfield code="b">000001</subfield>
   <subfield code="d">2018-06-22</subfield>
   <subfield code="o">338.8 B776</subfield>
   <subfield code="p">MD.06254</subfield>
   <subfield code="r">2018-06-22</subfield>
   <subfield code="v">140000.00</subfield>
   <subfield code="w">2018-06-22</subfield>
   <subfield code="y">BK</subfield>
  </datafield>
  <datafield tag="952" ind1=" " ind2=" ">
   <subfield code="0">0</subfield>
   <subfield code="1">0</subfield>
   <subfield code="2">ddc</subfield>
   <subfield code="4">0</subfield>
   <subfield code="6">338_800000000000000_B776</subfield>
   <subfield code="7">0</subfield>
   <subfield code="9">11686</subfield>
   <subfield code="a">000001</subfield>
   <subfield code="b">000001</subfield>
   <subfield code="d">2018-06-22</subfield>
   <subfield code="o">338.8 B776</subfield>
   <subfield code="p">MD.06255</subfield>
   <subfield code="r">2018-06-22</subfield>
   <subfield code="v">140000.00</subfield>
   <subfield code="w">2018-06-22</subfield>
   <subfield code="y">BK</subfield>
  </datafield>
  <datafield tag="952" ind1=" " ind2=" ">
   <subfield code="0">0</subfield>
   <subfield code="1">0</subfield>
   <subfield code="2">ddc</subfield>
   <subfield code="4">0</subfield>
   <subfield code="6">338_800000000000000_B776</subfield>
   <subfield code="7">0</subfield>
   <subfield code="9">11687</subfield>
   <subfield code="a">000001</subfield>
   <subfield code="b">000001</subfield>
   <subfield code="d">2018-06-22</subfield>
   <subfield code="o">338.8 B776</subfield>
   <subfield code="p">MD.06256</subfield>
   <subfield code="r">2018-06-22</subfield>
   <subfield code="v">140000.00</subfield>
   <subfield code="w">2018-06-22</subfield>
   <subfield code="y">BK</subfield>
  </datafield>
  <datafield tag="952" ind1=" " ind2=" ">
   <subfield code="0">0</subfield>
   <subfield code="1">0</subfield>
   <subfield code="2">ddc</subfield>
   <subfield code="4">0</subfield>
   <subfield code="6">338_800000000000000_B776</subfield>
   <subfield code="7">0</subfield>
   <subfield code="9">11688</subfield>
   <subfield code="a">000001</subfield>
   <subfield code="b">000001</subfield>
   <subfield code="d">2018-06-22</subfield>
   <subfield code="o">338.8 B776</subfield>
   <subfield code="p">MD.06257</subfield>
   <subfield code="r">2018-06-22</subfield>
   <subfield code="v">140000.00</subfield>
   <subfield code="w">2018-06-22</subfield>
   <subfield code="y">BK</subfield>
  </datafield>
  <datafield tag="952" ind1=" " ind2=" ">
   <subfield code="0">0</subfield>
   <subfield code="1">0</subfield>
   <subfield code="2">ddc</subfield>
   <subfield code="4">0</subfield>
   <subfield code="6">338_800000000000000_B776</subfield>
   <subfield code="7">0</subfield>
   <subfield code="9">11689</subfield>
   <subfield code="a">000001</subfield>
   <subfield code="b">000001</subfield>
   <subfield code="d">2018-06-22</subfield>
   <subfield code="o">338.8 B776</subfield>
   <subfield code="p">MD.06258</subfield>
   <subfield code="r">2018-06-22</subfield>
   <subfield code="v">140000.00</subfield>
   <subfield code="w">2018-06-22</subfield>
   <subfield code="y">BK</subfield>
  </datafield>
  <datafield tag="980" ind1=" " ind2=" ">
   <subfield code="a">Thư viện Trường Đại học Nam Cần Thơ</subfield>
  </datafield>
 </record>
</collection>
